Notas sobre formas de Estado y regímenes militares en América Latina /

Сохранить в:
Библиографические подробности
Главный автор: García, Pío
Формат: Текст
Предметы:
Метки: Добавить метку
Нет меток, Требуется 1-ая метка записи!

MARC

LEADER 00000 a a2200000 04500
001 17998
003
040
100 |a García, Pío  
245 |a Notas sobre formas de Estado y regímenes militares en América Latina /  |c Pío García  
650 |a MILITARISMO  
650 |a BURGUESIA  
650 |a POLITICA  
650 |a DEMOCRACIA  
650 |a AMERICA LATINA  
773 |g volumen 4, número 44; (1980) páginas 516-519  
999 |c 26300  |d 26300 
773 0 |0 42391  |9 3856  |a Agencia Latinoamericana de Información, ALAI  |d Quito, Ecuador: ALAI  |o 04437  |t ALAI:  |x 08275564 (Servicio mensual de información y documentación)